| 000 | 00367nam a2200145Ia 4500 | ||
|---|---|---|---|
| 008 | 210210b1988 xxu||||| |||| 00| 0 eng d | ||
| 020 | _a0 00 370023 2 | ||
| 082 | _a423 COLL | ||
| 100 | _a- | ||
| 245 | _aCollins cobuild English language dictionary | ||
| 260 |
_aLondon _bCollins Publishers _c1988 |
||
| 300 | _axxiv,1703 | ||
| 690 | _aDictionaries | ||
| 906 | _a042005 | ||
| 999 |
_c91713 _d91713 |
||